000 00873nas a2200289 4500
001 BR2016004091
003 BR-BrBNA
005 20231205130626.0
007 ta
008 230509b bl.|||p| |||| 00| 00por d
040 _aBR-BrBNA
_bpor
_cBiblioteca Nacional de Agricultura
041 _a(En)
072 _aP33
100 1 _aPessoa, R.S.
100 1 _aSilva, C.A.
100 1 _aMoretti, B.S.
100 1 _aFurtani Neto, A.E.
100 1 _aInda, A.V.
100 1 _aCuri, N.
245 1 _aSolubilization of potassium from alternative rocks by humic and citric acids and coffee husk
650 _aANÁLISE DO SOLO
650 _aPOTÁSSIO
650 _aSOLUBILIZAÇÃO
773 0 _tCiência e Agrotecnologia (Brazil)
_xISSN 1413-7054
_g(Nov-Dec 2015), v. 39(6) p. 553-564
_wBR2016004091
909 _a202311
_bLúcia
_c55
_dLúcia Elande
942 _2AGRIS
_n0
_cANA
999 _c250408
_d250408